000 01554cam a22003494a 4500
001 12748808
003 ARRUPE
005 20150715112225.0
008 020420s2002 nyua b 001 0 eng
010 _a 2002070267
020 _a074321675X
040 _aDLC
_cDLC
_dDLC
042 _apcc
050 0 0 _aQB291
_b.A43 2002
082 0 0 _a526/.1
_221
100 1 _aAlder, Ken.
_918059
245 1 4 _aThe measure of all things :
_bthe seven-year odyssey and hidden error that transformed the world /
_cKen Alder.
260 _aNew York :
_bFree Press,
_cc2002.
300 _ax, 422 p. :
_bill. (some col.) ;
_c25 cm.
504 _aIncludes bibliographical references (p. 397-400) and index.
600 1 0 _aDelambre, J. B. J.
_q(Jean Baptiste Joseph),
_d1749-1822.
_918060
600 1 0 _aMéchain, Pierre,
_d1744-1804.
_918061
650 0 _aArc measures
_xHistory.
_918062
650 0 _aMeter (Unit)
_xHistory.
_918063
856 4 2 _3Contributor biographical information
_uhttp://www.loc.gov/catdir/bios/simon052/2002070267.html
856 4 2 _3Publisher description
_uhttp://www.loc.gov/catdir/description/simon052/2002070267.html
856 4 1 _3Table of contents
_uhttp://www.loc.gov/catdir/toc/fy034/2002070267.html
856 4 1 _3Sample text
_uhttp://www.loc.gov/catdir/enhancements/fy0705/2002070267-s.html
906 _a7
_bcbc
_corignew
_d1
_eocip
_f20
_gy-gencatlg
942 _2lcc
_cMONOGRAPH
999 _c122904
_d122904